| 000 | 00000nam##2200000za#4500 |
| 001 | 9.695736 |
| 003 | CaOODSP |
| 005 | 20230202144025 |
| 007 | cr ||||||||||| |
| 008 | 150407|1995||||xxc|||||o f|0| 0 eng|d |
| 040 | |aCaOODSP|beng |
| 043 | |an-cn--- |
| 086 | 1 |aH72-21/87-1995E-PDF |
| 110 | 2 |aNational Clearinghouse on Family Violence (Canada). |
| 245 | 10|aMaking the decision to care : |h[electronic resource]|bguys and sexual assault / |c[by] Frederick Mathews. |
| 260 | |aOttawa - Ontario : |bHealth Canada. |cc1995. |
| 300 | |a14p.|bfig. |
| 500 | |aThe catalogue number (H72-21/87-1995) and ISBN (0-662-61980-3) for the bilingual print edition have been incorrectly copied in this electronic publication. |
| 590 | |a12-15-Supp|b2012-04-13 |
| 720 | 1 |aMathews, Frederick |
| 775 | 08|tDécider de réagir : |w(CaOODSP)9.639859 |
| 776 | 0#|tMaking the decision to care : |w(CaOODSP)9.657893 |
| 776 | 0#|tDécider de réagir : |w(CaOODSP)9.657894 |
| 856 | 40|ahttp://publications.gc.ca|qPDF|s45 KB|uhttps://publications.gc.ca/collections/Collection/H72-21-87-1995E.pdf |